Fragmentos de una manzana y otros poemas / (Record no. 182678)

MARC details
000 -LEADER
campo de control de longitud fija 00886nam a2200229 i 4500
001 - NÚMERO DE CONTROL
campo de control 182678
003 - IDENTIFICADOR DE NÚMERO DE CONTROL
campo de control ES-MaACL
005 - FECHA Y HORA DE LA ÚLTIMA TRANSACCIÓN
campo de control 20250902225552.0
008 - DATOS DE LONGITUD FIJA--INFORMACIÓN GENERAL
campo de control de longitud fija 131009s2011 sp | |||||||| | spa d
020 ## - NÚMERO INTERNACIONAL ESTÁNDAR DEL LIBRO
Número Internacional Estándar del Libro 978-84-92705-13-9
080 ## - NÚMERO DE LA CLASIFICACIÓN DECIMAL UNIVERSAL
Número de la Clasificación Decimal Universal 821.134.2-14"19"
100 1# - ENTRADA PRINCIPAL--NOMBRE DE PERSONA
Nombre de persona Zapata, Miguel Ángel.
9 (RLIN) 153606
245 10 - MENCIÓN DEL TÍTULO
Título Fragmentos de una manzana y otros poemas /
Mención de responsabilidad, etc. Miguel Ángel Zapata.
260 ## - PUBLICACIÓN, DISTRIBUCIÓN, ETC.
Lugar de publicación, distribución, etc. Sevilla :
Nombre del editor, distribuidor, etc. Sibilina ;
Lugar de publicación, distribución, etc. [Bilbao] :
Nombre del editor, distribuidor, etc. Fundación BBVA,
Fecha de publicación, distribución, etc. imp. 2011.
300 ## - DESCRIPCIÓN FÍSICA
Extensión 96 p. ;
Dimensiones 21 cm.
490 1# - MENCIÓN DE SERIE
Mención de serie Biblioteca Sibila-Fundación BBVA de poesía en español ;
Designación de volumen o secuencia 25. Inédito
830 0# - PUNTO DE ACCESO ADICIONAL DE SERIE-TÍTULO UNIFORME
Título uniforme Biblioteca Sibila-Fundación BBVA de poesía en español ;
Designación de volumen o secuencia 25. Inédito
9 (RLIN) 191809
852 ## - LOCALIZACIÓN
Ubicación ES-MaACL
Número de control de estantería A-12832
itemnumber 189595
Sublocalización o colección R.149046
Ubicación en estantería Depósito 1
Signatura antigua Olim: N-5832
Encuadernación Donación: Fundación BBVA
914 ## - NOMBRE ENTIDAD DE DONANTE
Nombre de congreso/reunión o jurisdicción como elemento de entrada Fundación BBVA
Unidad subordinada Donante
RLIN 4230
942 ## - ELEMENTOS DE ENTRADA SECUNDARIOS (KOHA)
Fuente del sistema de clasificación o colocación Clasificación decimal universal
Tipo de ítem Koha Libro impreso
Holdings
Estatus retirado Estado de pérdida Fuente del sistema de clasificación o colocación Estado de daño No para préstamo Biblioteca de origen Biblioteca actual Ubicación en estantería Fecha de adquisición Fuente de adquisición Total de préstamos Signatura topográfica completa Código de barras Visto por última vez Precio de reemplazo Tipo de ítem Koha
    Clasificación decimal universal     Biblioteca del Ateneo de Madrid Biblioteca del Ateneo de Madrid Depósito 1 09/10/2013 Donación   A-12832 1191980 23/02/2023 23/02/2023 Libro impreso